[Event "48th POL-ch"]
[Site "Bielsko Biala POL"]
[Date "1991.03.??"]
[Round "7"]
[White "Kuczynski, Robert"]
[Black "Jasnikowski, Zbigniew"]
[Result "1/2-1/2"]
[WhiteElo "2465"]
[BlackElo "2435"]
[EventDate "1991.03.01"]
[PlyCount "55"]

1.e4 c5 2.Nf3 e6 3.d4 cxd4 4.Nxd4 Nf6 5.Nc3 d6 6.f4 Nc6 7.Be3 e5 8.Nf3 Ng4
9.Qd2 Nxe3 10.Qxe3 exf4 11.Qxf4 Be6 12.Ng5 Qf6 13.Qxf6 gxf6 14.Nf3 f5 15.
O-O-O fxe4 16.Nxe4 O-O-O 17.Kb1 h6 18.Bb5 d5 19.Ng3 Rg8 20.Rd2 Bd6 21.Nh5 
a6 22.Bd3 Nb4 23.Bf1 Rg6 24.a3 Bg4 25.axb4 Bxh5 26.Rxd5 Bxf3 27.gxf3 Bxb4 
28.Bh3+ 1/2-1/2

[Event "48th POL-ch"]
[Site "Bielsko Biala POL"]
[Date "1991.03.??"]
[Round "7"]
[White "Matlak, Marek"]
[Black "Urban, Klaudiusz"]
[Result "1/2-1/2"]
[WhiteElo "2405"]
[BlackElo "2395"]
[EventDate "1991.03.01"]
[PlyCount "135"]

1.d4 Nf6 2.Nf3 g6 3.c4 Bg7 4.g3 O-O 5.Bg2 d5 6.cxd5 Nxd5 7.O-O Nb6 8.Nc3 
Nc6 9.e3 e5 10.d5 Na5 11.e4 c6 12.Bg5 f6 13.Be3 cxd5 14.exd5 Rf7 15.Bc5 
Bg4 16.b3 f5 17.Bb4 Nac4 18.bxc4 e4 19.Rc1 exf3 20.Bxf3 Bxf3 21.Qxf3 Nxc4 
22.Ne2 Ne5 23.Qb3 a5 24.Ba3 a4 25.Qd1 g5 26.d6 f4 27.Qd5 Ra5 28.Rc5 Rxc5 
29.Bxc5 Qd7 30.Nd4 Qh3 31.Nf3 Nxf3+ 32.Qxf3 g4 33.Qg2 Qxg2+ 34.Kxg2 f3+ 
35.Kg1 Rf5 36.Bb4 Rd5 37.h3 gxh3 38.Re1 Bd4 39.Re4 h2+ 40.Kxh2 Bxf2 41.
Rg4+ Kf7 42.Rf4+ Ke6 43.Rxf3 Bc5 44.Bxc5 Rxc5 45.Rd3 Kd7 46.Kh3 Rc6 47.Rd4
b5 48.Rd5 Rb6 49.Rh5 Kxd6 50.Rxh7 Rc6 51.Rb7 Rc5 52.g4 Kc6 53.Rb8 Kc7 54.
Rf8 Rc3+ 55.Kh4 Rc2 56.a3 Rc3 57.g5 Rxa3 58.g6 Ra1 59.g7 Rh1+ 60.Kg5 Rg1+ 
61.Kf6 b4 62.Ra8 Kc6 63.Rxa4 Kb5 64.Ra8 b3 65.g8=Q Rxg8 66.Rxg8 Kc4 67.Ke5
b2 68.Rb8 1/2-1/2

[Event "48th POL-ch"]
[Site "Bielsko Biala POL"]
[Date "1991.03.??"]
[Round "7"]
[White "Skalik, Przemyslaw"]
[Black "Panczyk, Krzysztof"]
[Result "1/2-1/2"]
[WhiteElo "2415"]
[BlackElo "2415"]
[EventDate "1991.03.01"]
[PlyCount "34"]

1.d4 Nf6 2.c4 e6 3.Nf3 c5 4.Nc3 cxd4 5.Nxd4 Bb4 6.g3 Ne4 7.Qd3 Qa5 8.Nb5 
a6 9.Qxe4 axb5 10.Bd2 bxc4 11.Qxc4 Nc6 12.Bg2 d5 13.Qd3 O-O 14.O-O Ne5 15.
Qc2 Nc4 16.Be1 Bd7 17.Qb3 Nb6 1/2-1/2

[Event "48th POL-ch"]
[Site "Bielsko Biala POL"]
[Date "1991.03.??"]
[Round "8"]
[White "Gdanski, Jacek"]
[Black "Matlak, Marek"]
[Result "0-1"]
[WhiteElo "2420"]
[BlackElo "2405"]
[EventDate "1991.03.01"]
[PlyCount "56"]

1.e4 e6 2.d4 d5 3.Nc3 Bb4 4.e5 c5 5.a3 Bxc3+ 6.bxc3 Ne7 7.Qg4 O-O 8.Bd3 
Nbc6 9.Qh5 Nf5 10.Nf3 f6 11.g4 c4 12.gxf5 cxd3 13.Rg1 Ne7 14.Bh6 Nxf5 15.
O-O-O Qe7 16.Rxd3 Bd7 17.Nh4 Be8 18.Rxg7+ Nxg7 19.Qg4 Bh5 20.Qf4 fxe5 21.
Qxe5 Nf5 22.Rg3+ Nxg3 23.Qxg3+ Bg6 24.Nxg6 hxg6 25.Qxg6+ Kh8 26.Kb2 Rf6 
27.Qg5 e5 28.Qh4 Rb6+ 0-1

[Event "48th POL-ch"]
[Site "Bielsko Biala POL"]
[Date "1991.03.??"]
[Round "8"]
[White "Jasnikowski, Zbigniew"]
[Black "Staniszewski, Piotr"]
[Result "1/2-1/2"]
[WhiteElo "2435"]
[BlackElo "2385"]
[EventDate "1991.03.01"]
[PlyCount "127"]

1.d4 Nf6 2.c4 g6 3.Nc3 Bg7 4.e4 d6 5.Be2 O-O 6.Bg5 c5 7.d5 h6 8.Bf4 Re8 9.
Qd2 Kh7 10.Nf3 e5 11.dxe6 Bxe6 12.Bxd6 Nc6 13.Bxc5 Qa5 14.Be3 Red8 15.Nd5 
Nxe4 16.Qxa5 Nxa5 17.Nc7 Bxb2 18.Nxe6 fxe6 19.Rb1 Bc3+ 20.Kf1 b6 21.h4 
Rac8 22.h5 g5 23.Rd1 Nxc4 24.Bc1 Kg7 25.g4 Ne5 26.Kg2 Nxf3 27.Bxf3 Nd2 28.
Bxd2 Bxd2 29.Be4 Rc4 30.f3 Rb4 31.Rb1 Bc3 32.Rhf1 Rxb1 33.Bxb1 Be5 34.Rf2 
Kf6 35.Be4 Rd1 36.Rc2 Ra1 37.Kf2 b5 38.Ke2 a5 39.Kd3 Rd1+ 40.Ke2 Ra1 41.
Kd3 Rd1+ 42.Ke2 Ra1 43.Kd3 a4 44.Bc6 Rd1+ 45.Rd2 Rb1 46.Kc2 Rb4 47.Kd1 Bf4
48.Rc2 Rb1+ 49.Ke2 Ke7 50.Be4 Ra1 51.Bc6 Rb1 52.Be4 Kf6 53.Bc6 Ke5 54.Kd3 
Kd6 55.Ke2 a3 56.Be4 Ra1 57.Bd3 b4 58.Bc4 Rb1 59.Kd3 Be5 60.Rd2 Rc1 61.Bb3
Bf4 62.Rd1 Rc3+ 63.Ke2+ Ke7 64.Rd3 1/2-1/2

[Event "48th POL-ch"]
[Site "Bielsko Biala POL"]
[Date "1991.03.??"]
[Round "8"]
[White "Kuczynski, Robert"]
[Black "Kempys, Marek"]
[Result "1-0"]
[WhiteElo "2465"]
[BlackElo "2335"]
[EventDate "1991.03.01"]
[PlyCount "91"]

1.e4 d6 2.d4 Nf6 3.Nc3 g6 4.Nf3 Bg7 5.h3 O-O 6.Be3 c6 7.a4 a5 8.Be2 Na6 9.
O-O Nb4 10.Nd2 e5 11.Nc4 Be6 12.dxe5 dxe5 13.Qxd8 Rfxd8 14.Rac1 Nd7 15.
Rfd1 Bf8 16.Rd2 Be7 17.Rcd1 Bxc4 18.Bxc4 Nf8 19.Kf1 Rxd2 20.Rxd2 Rd8 21.
Ke2 Rxd2+ 22.Kxd2 Nd7 23.Nd1 Kf8 24.f3 Bc5 25.c3 Na6 26.Bxa6 bxa6 27.Kc2 
Ke7 28.Bd2 f5 29.exf5 gxf5 30.Ne3 Bxe3 31.Bxe3 Ke6 32.c4 f4 33.Bd2 Nc5 34.
Bxa5 Kf5 35.b4 Ne6 36.Kd3 Ng5 37.Bd8 e4+ 38.fxe4+ Nxe4 39.Be7 Ke5 40.b5 
cxb5 41.cxb5 axb5 42.axb5 f3 43.gxf3 Nf2+ 44.Ke2 Nxh3 45.b6 Nf4+ 46.Kf1 
1-0

[Event "48th POL-ch"]
[Site "Bielsko Biala POL"]
[Date "1991.03.??"]
[Round "8"]
[White "Panczyk, Krzysztof"]
[Black "Sznapik, Aleksander"]
[Result "1/2-1/2"]
[WhiteElo "2415"]
[BlackElo "2445"]
[EventDate "1991.03.01"]
[PlyCount "23"]

1.d4 Nf6 2.Nf3 g6 3.Bg5 Bg7 4.Nbd2 d5 5.e3 O-O 6.Bd3 Nbd7 7.O-O c6 8.Qe2 
h6 9.Bh4 Qb6 10.b3 Re8 11.c4 e5 12.dxe5 1/2-1/2

[Event "48th POL-ch"]
[Site "Bielsko Biala POL"]
[Date "1991.03.??"]
[Round "8"]
[White "Pedzich, Dominik"]
[Black "Grabarczyk, Bogdan"]
[Result "1-0"]
[WhiteElo "2400"]
[BlackElo "2325"]
[EventDate "1991.03.01"]
[PlyCount "81"]

1.e4 e5 2.Nf3 Nc6 3.Nc3 g6 4.Bc4 Bg7 5.a3 d6 6.d3 h6 7.O-O Bg4 8.h3 Be6 9.
Be3 Nd4 10.Nh2 Ne7 11.f4 exf4 12.Rxf4 Bxc4 13.dxc4 Ne6 14.Rf2 Nc6 15.Qd5 
O-O 16.Ng4 Ncd4 17.c5 Qh4 18.Raf1 c6 19.Qxd6 Rad8 20.Qh2 Nxc5 21.Qf4 Kh7 
22.e5 Nce6 23.Qe4 h5 24.Nf6+ Bxf6 25.Rxf6 Qxe4 26.Nxe4 Nf5 27.Bxa7 h4 28.
Nd6 Nxd6 29.exd6 Kg7 30.c4 Rxd6 31.Bc5 Nxc5 32.Rxd6 Re8 33.b4 Ne4 34.Rd7 
Ng3 35.Rfxf7+ Kh6 36.Rfe7 Rf8 37.Re1 b5 38.cxb5 cxb5 39.Rd5 Ra8 40.Re3 Rc8
41.Re1 1-0

[Event "48th POL-ch"]
[Site "Bielsko Biala POL"]
[Date "1991.03.??"]
[Round "8"]
[White "Urban, Klaudiusz"]
[Black "Skalik, Przemyslaw"]
[Result "1/2-1/2"]
[WhiteElo "2395"]
[BlackElo "2415"]
[EventDate "1991.03.01"]
[PlyCount "35"]

1.d4 Nf6 2.c4 g6 3.Nf3 Bg7 4.g3 O-O 5.Bg2 d6 6.O-O Nbd7 7.Nc3 e5 8.h3 c6 
9.e4 Qb6 10.d5 Nc5 11.Qe2 cxd5 12.cxd5 Bd7 13.Be3 Rfc8 14.Rfc1 a5 15.Nd2 
Qd8 16.Nb5 Qe7 17.Rc2 Nh5 18.Bxc5 1/2-1/2

[Event "48th POL-ch"]
[Site "Bielsko Biala POL"]
[Date "1991.03.??"]
[Round "9"]
[White "Kempys, Marek"]
[Black "Jasnikowski, Zbigniew"]
[Result "0-1"]
[WhiteElo "2335"]
[BlackElo "2435"]
[EventDate "1991.03.01"]
[PlyCount "114"]

1.e4 c5 2.Nf3 Nc6 3.d3 g6 4.g3 Bg7 5.Bg2 Nf6 6.Nbd2 O-O 7.O-O d5 8.exd5 
Nxd5 9.Nc4 b6 10.a4 Rb8 11.Re1 Bb7 12.c3 h6 13.Nfe5 Nxe5 14.Nxe5 e6 15.h4 
Qc7 16.Qe2 Rbd8 17.Bd2 Ne7 18.Bf4 Qc8 19.Be4 Nd5 20.Qf3 Bxe5 21.Bxe5 f5 
22.Bxd5 Rxd5 23.Qe3 Kh7 24.Kh2 Qc6 25.Rg1 Qd7 26.d4 Rg8 27.g4 Qf7 28.gxf5 
Qxf5 29.Rg3 g5 30.hxg5 Rxg5 31.Rxg5 hxg5 32.Rg1 g4 33.Kg3 Rd8 34.Kh4 Bf3 
35.Qg5 Rg8 36.Qxf5+ exf5 37.Kg3 cxd4 38.Bxd4 Re8 39.Be3 Re4 40.Ra1 a6 41.
b3 Kg6 42.c4 f4+ 43.Bxf4 Kf5 44.a5 b5 45.cxb5 Rxf4 46.Rc1 Bd5 47.Rc5 Rf3+ 
48.Kg2 Ke6 49.Kg1 Kd6 50.b4 Rh3 51.Kf1 axb5 52.Ke1 Rd3 53.Ke2 Rb3 54.Rc8 
Bf3+ 55.Kd2 Rxb4 56.a6 Ra4 57.Rh8 Kc5 0-1

[Event "48th POL-ch"]
[Site "Bielsko Biala POL"]
[Date "1991.03.??"]
[Round "9"]
[White "Matlak, Marek"]
[Black "Schmidt, Wlodzimierz"]
[Result "1/2-1/2"]
[WhiteElo "2405"]
[BlackElo "2460"]
[EventDate "1991.03.01"]
[PlyCount "22"]

1.d4 Nf6 2.Nf3 g6 3.Bf4 Bg7 4.e3 O-O 5.h3 d6 6.Be2 c5 7.c3 b6 8.Nbd2 Bb7 
9.O-O Nbd7 10.a4 a6 11.Bh2 Qc7 1/2-1/2

[Event "48th POL-ch"]
[Site "Bielsko Biala POL"]
[Date "1991.03.??"]
[Round "9"]
[White "Skalik, Przemyslaw"]
[Black "Gdanski, Jacek"]
[Result "1/2-1/2"]
[WhiteElo "2415"]
[BlackElo "2420"]
[EventDate "1991.03.01"]
[PlyCount "113"]

1.d4 Nf6 2.c4 c5 3.d5 g6 4.Nc3 d6 5.e4 Bg7 6.Nf3 O-O 7.h3 e5 8.Bd3 Nh5 9.
g3 Na6 10.Be3 Nc7 11.Qc1 f5 12.Bg5 Nf6 13.Nh4 Qe8 14.Qc2 fxe4 15.Nxe4 Nxe4
16.Bxe4 b5 17.b3 Rb8 18.g4 Bf6 19.Bxf6 Rxf6 20.Ng2 Bd7 21.O-O Qe7 22.Rae1 
Qf8 23.Qc3 Rf7 24.Qa5 Rb7 25.b4 cxb4 26.c5 Bc8 27.c6 Rb6 28.Qxb4 Ra6 29.
Qd2 Ra4 30.f3 Rd4 31.Qb2 Nxd5 32.Rd1 Rxd1 33.Rxd1 Nc7 34.Qa3 d5 35.Qxf8+ 
Kxf8 36.Bxd5 Nxd5 37.Rxd5 Ke7 38.Rxb5 Rxf3 39.Rxe5+ Kd6 40.Re8 Ba6 41.h4 
Bc4 42.c7 Kxc7 43.Re7+ Kb6 44.Rxh7 Bxa2 45.Rh6 Kb5 46.Rxg6 a5 47.h5 a4 48.
h6 Rf7 49.Ne3 Bb1 50.Rg7 Rxg7 51.hxg7 Bh7 52.Nc2 Kc4 53.Kf2 Kc3 54.Na3 Kb4
55.Nc2+ Kb3 56.Nd4+ Kc4 57.Nc2 1/2-1/2

[Event "48th POL-ch"]
[Site "Bielsko Biala POL"]
[Date "1991.03.??"]
[Round "9"]
[White "Sznapik, Aleksander"]
[Black "Urban, Klaudiusz"]
[Result "0-1"]
[WhiteElo "2445"]
[BlackElo "2395"]
[EventDate "1991.03.01"]
[PlyCount "156"]

1.e4 c6 2.d4 d5 3.exd5 cxd5 4.Bd3 Nf6 5.c3 Nc6 6.Bf4 g6 7.Nd2 Bg7 8.Ngf3 
O-O 9.O-O Bg4 10.h3 Bxf3 11.Nxf3 a6 12.Re1 e6 13.Qd2 Re8 14.Ne5 Nxe5 15.
Bxe5 Nd7 16.Bxg7 Kxg7 17.Re3 Qg5 18.h4 Qh6 19.Rae1 Nf6 20.f4 Kg8 21.g3 Qf8
22.Qe2 h5 23.Qf3 Kg7 24.Re5 Ng4 25.R5e2 Nf6 26.Rf1 Qd6 27.Qg2 Rab8 28.Re5 
Ng4 29.Ree1 Rbc8 30.Qd2 Rb8 31.Kg2 Ra8 32.Re2 Rab8 33.Rfe1 Nf6 34.Re5 Ng4 
35.f5 Rf8 36.R5e2 exf5 37.Qg5 Nf6 38.Re5 Ne4 39.Qf4 Rbd8 40.Bxe4 fxe4 41.
c4 dxc4 42.R1xe4 Rd7 43.Qe3 Rfd8 44.d5 b5 45.Qc3 Kh7 46.Qc2 Kg7 47.Qc3 Kh7
48.Qc2 Qf6 49.Rxh5+ Kg7 50.Rf4 Qxf4 51.gxf4 gxh5 52.Qc3+ Kg8 53.Qf6 Rd6 
54.Qe7 Rg6+ 55.Kf3 Rxd5 56.Qb7 Rd3+ 57.Ke4 Kg7 58.b3 Re6+ 59.Kf5 Rg3 60.
bxc4 Rf6+ 61.Ke5 bxc4 62.f5 c3 63.Qe4 Rg4 64.Qf3 c2 65.Qc3 Rg2 66.Ke4 Rf2 
67.Ke3 Rxf5 68.Qxc2 Rf3+ 69.Ke4 R3f4+ 70.Ke3 Rxh4 71.Qc5 Rh3+ 72.Ke4 Re6+ 
73.Kf4 Rh1 74.Qd4+ Rf6+ 75.Kg5 Rf1 76.Qc3 Rf5+ 77.Kh4 Rf1 78.Kg5 Kh7 0-1

[Event "48th POL-ch"]
[Site "Bielsko Biala POL"]
[Date "1991.03.??"]
[Round "10"]
[White "Jasnikowski, Zbigniew"]
[Black "Pedzich, Dominik"]
[Result "1/2-1/2"]
[WhiteElo "2435"]
[BlackElo "2400"]
[EventDate "1991.03.01"]
[PlyCount "124"]

1.d4 Nf6 2.c4 g6 3.Nf3 Bg7 4.g3 O-O 5.Bg2 c6 6.Nc3 d6 7.O-O Bf5 8.Qb3 Qb6 
9.Re1 Na6 10.e4 Bg4 11.Be3 Rfe8 12.h3 Bxf3 13.Bxf3 Qc7 14.a3 Nd7 15.Rac1 
Qc8 16.Bg2 Nc7 17.Qd1 Ne6 18.d5 Nef8 19.f4 Qc7 20.Kh2 a6 21.Re2 Rab8 22.
Rec2 c5 23.a4 Nb6 24.b3 Nfd7 25.Qd3 Nc8 26.Ra2 b6 27.Ne2 Na7 28.Bd2 b5 29.
a5 Nf8 30.Rcc2 Rb7 31.Nc1 Reb8 32.Bc3 bxc4 33.bxc4 Nc8 34.Bxg7 Kxg7 35.
Qc3+ f6 36.h4 Rb1 37.Rcb2 e5 38.Rxb1 Rxb1 39.Rb2 Rxb2 40.Qxb2 Nd7 41.Bh3 
Ne7 42.Nd3 Ng8 43.fxe5 fxe5 44.Nf4 Qb8 45.Ne6+ Kf7 46.Ng5+ Kg7 47.Qxb8 
Nxb8 48.Kg2 Nf6 49.Kf3 h6 50.Ne6+ Kf7 51.g4 Nh7 52.g5 hxg5 53.hxg5 Nf8 54.
Nxf8 Kxf8 55.Bc8 Ke7 56.Kg3 Ke8 57.Kh4 Ke7 58.Kg4 Ke8 59.Kf3 Ke7 60.Ke3 
Ke8 61.Kd3 Ke7 62.Kc3 Ke8 1/2-1/2

[Event "48th POL-ch"]
[Site "Bielsko Biala POL"]
[Date "1991.03.??"]
[Round "10"]
[White "Kuczynski, Robert"]
[Black "Matlak, Marek"]
[Result "1/2-1/2"]
[WhiteElo "2465"]
[BlackElo "2405"]
[EventDate "1991.03.01"]
[PlyCount "31"]

1.e4 e6 2.d4 d5 3.Nc3 Bb4 4.e5 c5 5.a3 Bxc3+ 6.bxc3 Ne7 7.h4 b6 8.h5 h6 9.
Qg4 Kf8 10.a4 Ba6 11.Bxa6 Nxa6 12.Nf3 cxd4 13.cxd4 Nb4 14.O-O Nxc2 15.Rb1 
Rc8 16.Rb3 1/2-1/2

[Event "48th POL-ch"]
[Site "Bielsko Biala POL"]
[Date "1991.03.??"]
[Round "10"]
[White "Panczyk, Krzysztof"]
[Black "Staniszewski, Piotr"]
[Result "1/2-1/2"]
[WhiteElo "2415"]
[BlackElo "2385"]
[EventDate "1991.03.01"]
[PlyCount "26"]

1.d4 Nf6 2.c4 e6 3.Nf3 b6 4.g3 Bb7 5.Bg2 Be7 6.O-O O-O 7.Nc3 Ne4 8.Nxe4 
Bxe4 9.Nh4 Bxg2 10.Nxg2 d5 11.Qa4 Qd7 12.Qxd7 Nxd7 13.cxd5 exd5 1/2-1/2

[Event "48th POL-ch"]
[Site "Bielsko Biala POL"]
[Date "1991.03.??"]
[Round "11"]
[White "Grabarczyk, Bogdan"]
[Black "Gdanski, Jacek"]
[Result "0-1"]
[WhiteElo "2325"]
[BlackElo "2420"]
[EventDate "1991.03.01"]
[PlyCount "56"]

1.e4 e6 2.d4 d5 3.Nc3 Bb4 4.Bd3 dxe4 5.Bxe4 Nf6 6.Bf3 c5 7.Ne2 cxd4 8.Qxd4
Qxd4 9.Nxd4 a6 10.O-O Nbd7 11.Na4 O-O 12.a3 Bd6 13.c4 Bc7 14.Bg5 Ne5 15.
Be2 Ne4 16.Be3 Bd7 17.f3 Bxa4 18.fxe4 Rfd8 19.b3 Bb6 20.bxa4 Bxd4 21.Bxd4 
Rxd4 22.Rab1 Rxe4 23.Kf2 Rb8 24.Rfd1 g6 25.Rd6 Nxc4 26.Rxa6 Rd8 27.Ra7 Rd2
28.Re1 Rb2 0-1

[Event "48th POL-ch"]
[Site "Bielsko Biala POL"]
[Date "1991.03.??"]
[Round "11"]
[White "Jaracz, Pawel"]
[Black "Jasnikowski, Zbigniew"]
[Result "1/2-1/2"]
[WhiteElo "2300"]
[BlackElo "2435"]
[EventDate "1991.03.01"]
[PlyCount "54"]

1.e4 c5 2.Nf3 e6 3.d4 cxd4 4.Nxd4 Nf6 5.Nc3 d6 6.Bc4 a6 7.Bb3 Nbd7 8.f4 
Nc5 9.Be3 b5 10.e5 dxe5 11.fxe5 Nfd7 12.Qf3 Bb7 13.Qg3 g6 14.O-O-O Bg7 15.
Bf4 Nxb3+ 16.axb3 Qc7 17.Rhe1 Nb6 18.h4 b4 19.Ne4 Bxe4 20.Rxe4 Nd5 21.h5 
Rc8 22.Rd2 Qd7 23.Nf5 exf5 24.Red4 O-O 25.Rxd5 Qb7 26.h6 Bh8 27.Kb1 Rfe8 
1/2-1/2

[Event "48th POL-ch"]
[Site "Bielsko Biala POL"]
[Date "1991.03.??"]
[Round "11"]
[White "Matlak, Marek"]
[Black "Kempys, Marek"]
[Result "1-0"]
[WhiteElo "2405"]
[BlackElo "2335"]
[EventDate "1991.03.01"]
[PlyCount "63"]

1.d4 c5 2.d5 e5 3.e4 d6 4.Nc3 g6 5.h4 h5 6.g3 Bh6 7.Bh3 Bxc1 8.Qxc1 a6 9.
a4 Nd7 10.Nf3 Rb8 11.a5 b5 12.axb6 Qxb6 13.Nd2 Qc7 14.Bf1 Ra8 15.Nc4 Nb6 
16.b3 Kf8 17.Qa3 Nxc4 18.Bxc4 Nf6 19.Qa5 Ne8 20.Qxc7 Nxc7 21.f4 f6 22.Kd2 
Ke7 23.Nd1 Bd7 24.Rf1 Rhg8 25.Ne3 a5 26.Be2 a4 27.bxa4 Bxa4 28.Rfb1 Bd7 
29.Rxa8 Rxa8 30.Rb7 Kd8 31.Nc4 Ra6 32.Nxe5 1-0

[Event "48th POL-ch"]
[Site "Bielsko Biala POL"]
[Date "1991.03.??"]
[Round "11"]
[White "Pedzich, Dominik"]
[Black "Panczyk, Krzysztof"]
[Result "1/2-1/2"]
[WhiteElo "2400"]
[BlackElo "2415"]
[EventDate "1991.03.01"]
[PlyCount "31"]

1.e4 e5 2.Nf3 Nc6 3.Nc3 Nf6 4.Bb5 Bb4 5.O-O O-O 6.d3 Bxc3 7.bxc3 d6 8.Bg5 
Qe7 9.Re1 Nd8 10.d4 Bg4 11.h3 Bh5 12.g4 Bg6 13.Bf1 Ne6 14.Bh4 Nf4 15.Rb1 
b6 16.Bg5 1/2-1/2

[Event "48th POL-ch"]
[Site "Bielsko Biala POL"]
[Date "1991.03.??"]
[Round "11"]
[White "Skalik, Przemyslaw"]
[Black "Kuczynski, Robert"]
[Result "1/2-1/2"]
[WhiteElo "2415"]
[BlackElo "2465"]
[EventDate "1991.03.01"]
[PlyCount "71"]

1.d4 d5 2.Nf3 Nf6 3.c4 c6 4.Nc3 e6 5.cxd5 cxd5 6.Bf4 Nc6 7.e3 Nh5 8.Be5 f5
9.Bb5 Bd7 10.O-O Be7 11.Bxc6 Bxc6 12.Rc1 O-O 13.Na4 Bb5 14.Re1 Bb4 15.Nc3 
Bc6 16.a3 Ba5 17.b4 Bb6 18.Qb3 Qe7 19.Na4 Rfc8 20.Rc2 Qe8 21.Nc5 Bxc5 22.
Rxc5 b6 23.Rcc1 Ba4 24.Qb2 Rxc1 25.Rxc1 Rc8 26.Nd2 Nf6 27.f3 Rxc1+ 28.Qxc1
Qc6 29.Qxc6 Bxc6 30.Nb1 Nd7 31.Bd6 Kf7 32.Nc3 b5 33.a4 bxa4 34.b5 Bb7 35.
Nxa4 a6 36.bxa6 1/2-1/2

[Event "48th POL-ch"]
[Site "Bielsko Biala POL"]
[Date "1991.03.??"]
[Round "11"]
[White "Sznapik, Aleksander"]
[Black "Schmidt, Wlodzimierz"]
[Result "1-0"]
[WhiteElo "2445"]
[BlackElo "2460"]
[EventDate "1991.03.01"]
[PlyCount "61"]

1.e4 c5 2.Nf3 e6 3.d4 cxd4 4.Nxd4 Nf6 5.Nc3 d6 6.g4 h6 7.h4 Be7 8.Be3 Nc6 
9.Rg1 h5 10.gxh5 Nxh5 11.Be2 g6 12.Qd2 a6 13.O-O-O Bd7 14.f4 Bxh4 15.Nxc6 
Bxc6 16.f5 Ng3 17.fxe6 fxe6 18.Bc4 e5 19.Nd5 Rc8 20.Kb1 Bxd5 21.Qxd5 Qf6 
22.Bb3 Rc7 23.Bb6 Kd7 24.Qd3 Nh5 25.Ba4+ Kc8 26.Qh3+ Kb8 27.Bxc7+ Kxc7 28.
Qd7+ Kb8 29.Rxd6 Qf2 30.Rgd1 Qe2 31.Rb6 1-0

[Event "48th POL-ch"]
[Site "Bielsko Biala POL"]
[Date "1991.03.??"]
[Round "12"]
[White "Jaracz, Pawel"]
[Black "Matlak, Marek"]
[Result "1/2-1/2"]
[WhiteElo "2300"]
[BlackElo "2405"]
[EventDate "1991.03.01"]
[PlyCount "30"]

1.e4 e6 2.d4 d5 3.Nd2 Nf6 4.e5 Nfd7 5.c3 c5 6.f4 Nc6 7.Ndf3 Qb6 8.g3 Be7 
9.Ne2 cxd4 10.cxd4 f6 11.Bh3 O-O 12.Bxe6+ Kh8 13.exf6 Nxf6 14.Bxc8 Raxc8 
15.O-O Ne4 1/2-1/2

[Event "48th POL-ch"]
[Site "Bielsko Biala POL"]
[Date "1991.03.??"]
[Round "12"]
[White "Jasnikowski, Zbigniew"]
[Black "Panczyk, Krzysztof"]
[Result "1/2-1/2"]
[WhiteElo "2435"]
[BlackElo "2415"]
[EventDate "1991.03.01"]
[PlyCount "39"]

1.d4 Nf6 2.c4 e6 3.Nf3 c5 4.d5 exd5 5.cxd5 d6 6.Nc3 g6 7.Bf4 a6 8.a4 Bg7 
9.e4 O-O 10.Be2 Bg4 11.O-O Re8 12.Nd2 Bxe2 13.Qxe2 Nbd7 14.Bxd6 Nb6 15.e5 
Nfxd5 16.Nxd5 Nxd5 17.Rfe1 Nf4 18.Qf3 Bxe5 19.Bxe5 Nd3 20.Red1 1/2-1/2

[Event "48th POL-ch"]
[Site "Bielsko Biala POL"]
[Date "1991.03.??"]
[Round "12"]
[White "Kempys, Marek"]
[Black "Skalik, Przemyslaw"]
[Result "1/2-1/2"]
[WhiteElo "2335"]
[BlackElo "2415"]
[EventDate "1991.03.01"]
[PlyCount "130"]

1.Nf3 Nf6 2.g3 g6 3.Bg2 Bg7 4.O-O O-O 5.d3 d5 6.Nbd2 c5 7.e4 Nc6 8.exd5 
Nxd5 9.Nc4 b6 10.a4 Rb8 11.Re1 Bb7 12.Nfe5 Nxe5 13.Nxe5 Qc7 14.Qe2 Rbd8 
15.Bd2 Nb4 16.Bc3 Bxg2 17.Kxg2 f6 18.Nc4 e5 19.Bxb4 cxb4 20.Kg1 Rd4 21.b3 
a6 22.Ra2 Re8 23.Qe3 Qc5 24.Qf3 Qc7 25.Re4 Qc6 26.Kg2 Rxe4 27.Qxe4 Rc8 28.
Ra1 Bh6 29.Re1 b5 30.Qxc6 Rxc6 31.axb5 axb5 32.Ne3 Kf7 33.Re2 Bf8 34.Ng4 
h5 35.Ne3 Bc5 36.Kf3 Ke6 37.h3 f5 38.h4 Bd4 39.Ng2 Kd6 40.Ne3 Rc5 41.Ng2 
Rc8 42.Ne3 Ra8 43.Kg2 Ra2 44.Nf1 Ra1 45.Nh2 Bc3 46.Nf3 Kd5 47.Ng5 Re1 48.
Rxe1 Bxe1 49.Kf1 Bd2 50.Nf7 Bc3 51.Ke2 Bd4 52.Ng5 Bc5 53.Nf3 Be7 54.Ke3 
Bf6 55.Ke2 Be7 56.Ng1 g5 57.hxg5 Bxg5 58.Nf3 Bf6 59.Ke3 Be7 60.Ke2 Bf6 61.
Ke3 Be7 62.Ke2 e4 63.dxe4+ Kxe4 64.Nh4 Bxh4 65.f3+ Kd4 1/2-1/2

[Event "48th POL-ch"]
[Site "Bielsko Biala POL"]
[Date "1991.03.??"]
[Round "12"]
[White "Kuczynski, Robert"]
[Black "Sznapik, Aleksander"]
[Result "1/2-1/2"]
[WhiteElo "2465"]
[BlackElo "2445"]
[EventDate "1991.03.01"]
[PlyCount "21"]

1.g3 g6 2.Bg2 Bg7 3.e4 c5 4.f4 Nc6 5.d3 e6 6.Nf3 Nge7 7.O-O d6 8.c3 O-O 9.
Be3 b6 10.Nbd2 Ba6 11.Qe2 1/2-1/2

[Event "48th POL-ch"]
[Site "Bielsko Biala POL"]
[Date "1991.03.??"]
[Round "13"]
[White "Grabarczyk, Bogdan"]
[Black "Kuczynski, Robert"]
[Result "0-1"]
[WhiteElo "2325"]
[BlackElo "2465"]
[EventDate "1991.03.01"]
[PlyCount "60"]

1.e4 c5 2.Nf3 d6 3.d4 cxd4 4.Nxd4 Nf6 5.Nc3 a6 6.f4 Nbd7 7.Bd3 g6 8.Nf3 
Qc7 9.O-O Bg7 10.Qe1 b5 11.Qh4 h6 12.Qe1 e5 13.fxe5 dxe5 14.b4 Bb7 15.a4 
bxa4 16.Rxa4 O-O 17.Kh1 Nb6 18.Ra5 Nfd7 19.Nd5 Nxd5 20.exd5 f5 21.Bb2 Qd6 
22.c4 e4 23.c5 Qxd5 24.Bb1 exf3 25.Ba2 fxg2+ 26.Kg1 gxf1=Q+ 27.Kxf1 Bxb2 
28.Bxd5+ Bxd5 29.Qd2 Bc4+ 30.Kg1 Bf6 0-1

[Event "48th POL-ch"]
[Site "Bielsko Biala POL"]
[Date "1991.03.??"]
[Round "13"]
[White "Matlak, Marek"]
[Black "Jasnikowski, Zbigniew"]
[Result "1/2-1/2"]
[WhiteElo "2405"]
[BlackElo "2435"]
[EventDate "1991.03.01"]
[PlyCount "23"]

1.Nf3 Nf6 2.b3 g6 3.Bb2 Bg7 4.c4 O-O 5.e3 c5 6.Be2 Nc6 7.O-O b6 8.d4 cxd4 
9.Nxd4 Bb7 10.Nd2 Nxd4 11.Bxd4 d5 12.Bf3 1/2-1/2

[Event "48th POL-ch"]
[Site "Bielsko Biala POL"]
[Date "1991.03.??"]
[Round "13"]
[White "Panczyk, Krzysztof"]
[Black "Urban, Klaudiusz"]
[Result "1/2-1/2"]
[WhiteElo "2415"]
[BlackElo "2395"]
[EventDate "1991.03.01"]
[PlyCount "23"]

1.d4 Nf6 2.c4 d6 3.Nf3 Nbd7 4.Nc3 c6 5.g3 e5 6.Bg2 Be7 7.O-O O-O 8.e4 a6 
9.h3 Re8 10.Be3 b5 11.c5 Bb7 12.dxe5 1/2-1/2

[Event "48th POL-ch"]
[Site "Bielsko Biala POL"]
[Date "1991.03.??"]
[Round "13"]
[White "Pedzich, Dominik"]
[Black "Gdanski, Jacek"]
[Result "1/2-1/2"]
[WhiteElo "2400"]
[BlackElo "2420"]
[EventDate "1991.03.01"]
[PlyCount "26"]

1.e4 e6 2.d4 d5 3.Nc3 Bb4 4.Qd3 dxe4 5.Qxe4 Nf6 6.Qh4 Nd5 7.Qxd8+ Kxd8 8.
Bd2 Nxc3 9.bxc3 Bd6 10.Bd3 Nd7 11.Nf3 b6 12.O-O Bb7 13.Ng5 Ke7 1/2-1/2